| 000 | 02438nam0a2200445 4500 | ||
|---|---|---|---|
| 001 | RU\NLR\bibl\1116803 | ||
| 005 | 20250615063548.0 | ||
| 010 |
_a978-5-91298-007-7 _9200 |
||
| 021 |
_aRU _b2007-44382 _92371 |
||
| 035 | _a(nilc)RSL-KNO-003142278 | ||
| 035 | _a(NLR Aleph) 001103805 | ||
| 090 |
_a1194962 _c1194962 |
||
| 100 | _a20070711d2007 |||y0rusy50 ca | ||
| 101 | 0 |
_arus _deng |
|
| 102 | _aRU | ||
| 105 | _ay ||||||||| | ||
| 200 | 1 |
_aТоргово-экономические отношения России с Африкой в конце XX - начале XXI века _fВ.В. Лопатов _gИн-т Африки Рос. акад. наук |
|
| 210 |
_aМосква _cИнститут Африки РАН _d2007 |
||
| 215 |
_a191 с. _d20 |
||
| 300 | _aНа 4-й с. обл. авт.: Лопатов В.В. - д.э.н. | ||
| 300 | _aРез. на англ. яз. | ||
| 320 | _aБиблиогр. в конце гл. | ||
| 320 | _aДр. произведения авт. на 4-й с. обл. | ||
| 607 |
_aРоссийская Федерация _xЭкономические взаимоотношения _yАфриканские страны _92189892 _3RU\NLR\auth\661316451 |
||
| 607 |
_aАфриканские страны _xЭкономические взаимоотношения _yРоссийская Федерация _92230610 _3RU\NLR\auth\661338840 |
||
| 610 | 0 | _aИстория. Исторические науки -- Российская Федерация -- 1991- -- Международные отношения. Внешняя политика -- Отношения с отдельными странами -- Отношения с зарубежными странами -- Страны Африки -- Экономические отношения | |
| 610 | 0 | _aЭкономика -- Российская Федерация -- Внешние экономические связи -- Внешняя торговля -- Африка | |
| 686 |
_aТ3(2Р)64-643(6)2,02 _2rubbk |
||
| 686 |
_aТ3(6)64-64(2Р)2,02 _2rubbk |
||
| 686 |
_aУ9(2)843.9(6),0 _2rubbk |
||
| 686 |
_aУ9(6)843.9(2),0 _2rubbk |
||
| 686 | _aУ9(2)89(6) | ||
| 686 | _aУ9(6)89(2) | ||
| 700 | 1 |
_aЛопатов _bВ. В. _gВладимир Васильевич _4070 |
|
| 801 | 0 |
_aRU _bРКП _c20070711 |
|
| 801 | 1 |
_aRU _bРГБ _c20070711 |
|
| 801 | 2 |
_aRU _bNLR _c20070810 _grcr |
|
| 942 | _cBOOK | ||
| 980 | _aNB | ||